000 01285cam a2200133 4500500
005 20251214003916.0
041 _afre
042 _adc
100 1 0 _aGougeon, Jacques-Pierre
_eauthor
245 0 0 _aL'Allemagne dans le XXIe siècle, une nouvelle nation ? : Éléments de réponse
260 _bArmand Colin,
_c2009.
520 _aPlus de soixante ans après la création de la R.F.A., plus de vingt après la chute du Mur, l'Allemagne revendique à nouveau son identité et les valeurs qui ont fait sa force. Elle a cessé de se voir irrémédiablement au miroir d’un passé dont elle s’estime aussi la victime. Une fierté nationale est réapparue, l’affirmation internationale du pays s’est faite plus forte et plus politique. Le couple de référence formé avec la France paraît désormais plutôt étriqué à cette puissance en mutation. Mais les défis ne manquent pas : face à la crise mondiale, les Allemands peuvent-ils adapter leur modèle économique et social ? Surmonter, à l’Est, leur penchant à l’« ostalgie » ? Et faire de leur devenir national redynamisé l’une des chances du monde futur ?
856 4 1 _uhttps://shs.cairn.info/lallemagne-dans-le-xxie-siecle-une-nouvelle-nation--9782200354817?lang=fr&redirect-ssocas=7080
999 _c1568039
_d1568039